|
|
|
|
| LEADER |
01312nam a2200397 a 4500 |
| 001 |
000961155 |
| 003 |
CZ BrMZK |
| 005 |
20090917075204.0 |
| 007 |
ta |
| 008 |
090818s1828 au e 000 0 heb |
| 020 |
|
|
|q (Váz.)
|
| 040 |
|
|
|a BOA001
|b cze
|
| 045 |
|
|
|a p-p-
|
| 080 |
|
|
|a 26-278
|2 MRF
|
| 080 |
|
|
|a 26-277.2
|2 MRF
|
| 080 |
|
|
|a 26-1
|2 MRF
|
| 080 |
|
|
|a 14(=411.16)
|2 MRF
|
| 080 |
|
|
|a (049)
|2 MRF
|
| 100 |
0 |
|
|a Maimonides,
|d 1135-1204
|7 jn19981001803
|4 aut
|
| 245 |
1 |
0 |
|a [Sefer more nevuchim :
|b (tom II.-III.) /
|c Maimonides]
|
| 246 |
3 |
1 |
|a More nebuchim
|
| 260 |
|
|
|a Wien :
|b Anton Edler von Schmid,
|c 1828
|
| 300 |
|
|
|a ca 300 s. ;
|c 23 cm
|
| 500 |
|
|
|a Vyšlo ve třech dílech, exemplář obsahuje pouze 2. a 3. díl
|
| 630 |
0 |
7 |
|a Bible.
|p Starý zákon
|7 unn2006374712
|2 czenas
|
| 648 |
|
7 |
|a 12. století
|7 ch460550
|2 czenas
|
| 650 |
0 |
7 |
|a biblická teologie
|7 ph118851
|2 czenas
|
| 650 |
0 |
7 |
|a biblická exegeze
|7 ph118844
|2 czenas
|
| 650 |
0 |
7 |
|a židovská teologie
|7 ph127996
|y 12. stol.
|2 czenas
|
| 650 |
0 |
7 |
|a židovská filozofie
|7 ph127987
|y 12. stol.
|2 czenas
|
| 655 |
|
7 |
|a pojednání
|7 fd133056
|2 czenas
|
| 910 |
2 |
|
|a BOA001
|b M2-1226.669
|
| 990 |
|
|
|a BK
|
| 993 |
|
|
|a Y
|
| 991 |
|
|
|b 200909
|
| 996 |
6 |
|
|b 2610385710
|c M2-1226.669
|l MZK
|r Sklad / do 24 hodin
|n 1
|p dar
|w 000961155
|u 000010
|a 1
|e BOA001
|j MZK50
|s P
|